| 000 | 01911nam a2200493 i 4500 | ||
|---|---|---|---|
| 001 | 25173 | ||
| 003 | KOSZ 005 | ||
| 005 | 20200511102535.0 | ||
| 008 | 971010s1989 pl a f |001 0 pol | ||
| 015 | _aUWD 1989/4460 | ||
| 020 | _a8300021523 | ||
| 035 | _a991002658369705066 | ||
| 035 | _a(PL-WaBN)b10726597-48omnis_nlop | ||
| 035 | _ab10726597 | ||
| 035 | _a(OCoLC)749986533 | ||
| 035 | _a(PL)b0000001072659 | ||
| 035 | _a(EXLNZ-48OMNIS_NETWORK)9910157304005606 | ||
| 040 |
_aWA N _cWA N _dKOSZ 005/EG |
||
| 080 | _a59 | ||
| 080 | _a(075.8) | ||
| 100 | 1 |
_aSulgostowska, Teresa _d(1930-2015) _eAutor |
|
| 245 | 1 | 0 |
_aZoologia rolnicza / _cTeresa Sulgostowska, Henryk Sandner. |
| 260 |
_aWarszawa : _bWydaw. SGGW-AR [Szkoły Głównej Gospodarstwa Wiejskiego - Akademii Rolniczej], _c1989. |
||
| 300 |
_a339 s. : _brys. ; _c23 cm. |
||
| 336 |
_aTekst _btxt _2rdacontent |
||
| 337 |
_aBez urządzenia pośredniczącego _bn _2rdamedia |
||
| 338 |
_aWolumin _bnc _2rdacarrier |
||
| 380 | _aKsiążki | ||
| 380 | _aPublikacje dydaktyczne | ||
| 385 |
_mPoziom nauczania _aSzkoły wyższe |
||
| 388 | _a1901-2000 | ||
| 388 | _a1989-2000 | ||
| 504 | _aIndeksy. | ||
| 521 | _aPodręcznik dla studentów wydz. Rolniczego, Zootechnicznego, może być również wykorzystywany przez studentów wydz. Ekonomiczno-Rolniczego oraz Żywienia Człowieka i Wiejskiego Gospodarstwa Domowego. | ||
| 650 | 7 |
_aZoologia _2DBN |
|
| 655 | 7 |
_aPodręczniki akademickie _2DBN |
|
| 658 | _aOpieka nad zwierzętami i weterynaria | ||
| 658 | _aRolnictwo i leśnictwo | ||
| 700 | 1 |
_aSandner, Henryk _d(1915-1994) _eAutor |
|
| 710 | 2 |
_aWydawnictwo Szkoły Głównej Gospodarstwa Wiejskiego - Akademii Rolniczej _kpbl |
|
| 856 |
_uhttp://koha.tu.koszalin.pl/cgi-bin/koha/opac-detail.pl?biblionumber=25173 _yKatalog online BPK |
||
| 942 |
_2UKD _cKS |
||
| 999 |
_c25173 _d25173 |
||